<?xml version="1.0" encoding="UTF-8"?>
<marc:record xmlns:marc="http://www.loc.gov/MARC21/slim">
   <marc:leader>00000nam a2200000 a 4500</marc:leader>
   <marc:datafield ind1=" " ind2=" " tag="653">
      <marc:subfield code="a">Angeln</marc:subfield>
   </marc:datafield>
   <marc:datafield ind1=" " ind2=" " tag="653">
      <marc:subfield code="a">Hobby</marc:subfield>
   </marc:datafield>
   <marc:datafield ind1=" " ind2=" " tag="653">
      <marc:subfield code="a">Antolin Klasse-3</marc:subfield>
   </marc:datafield>
   <marc:datafield ind1="0" ind2="0" tag="245">
      <marc:subfield code="a">Das grosse Buch vom Angeln</marc:subfield>
   </marc:datafield>
   <marc:datafield ind1=" " ind2="1" tag="264">
      <marc:subfield code="b">Oetinger</marc:subfield>
      <marc:subfield code="c">1994</marc:subfield>
   </marc:datafield>
   <marc:datafield ind1="1" ind2=" " tag="490">
      <marc:subfield code="a">Ein Oetinger-Sachbuch</marc:subfield>
   </marc:datafield>
   <marc:datafield ind1="1" ind2=" " tag="520">
      <marc:subfield code="a">Ein Buch, das Kinder mit Spass und Lerneifer verschlingen. Nahezu alles, was ein Anfänger über das Angeln wissen muss, findet er hier: angefangen von der Bauanleitung einer einfachen Angelrute bis zum Eisangeln und Spinnangeln mit Rolle und Kunstköder. Er erfährt einiges über das richtige Fischwetter und die unterschiedlichen Gewässer sowie eine Menge Tips und Tricks. Ein kleines Fischlexikon zeigt die häufigsten Angelfische
. Vermittelt wird ganz nebenbei der Spass, sich in freier Natur zu bewegen und den Naturschutz zu beachten. </marc:subfield>
   </marc:datafield>
   <marc:datafield ind1="3" ind2=" " tag="024">
      <marc:subfield code="a">378917601X</marc:subfield>
   </marc:datafield>
</marc:record>
